[Poster advertising a production of 'Damsel in Distress' by the Auctioneers' Institute Dramatic Society at the Fortune Theatre, Drury Lane on 15-17 February 1934] (Record no. 116764)

MARC details
000 -LEADER
fixed length control field 00651cam a22001935a 4500
001 - CONTROL NUMBER
control field L141702
008 - FIXED-LENGTH DATA ELEMENTS--GENERAL INFORMATION
fixed length control field 071213s1934 xxk eng u
035 ## - SYSTEM CONTROL NUMBER
System control number (Sirsi) u141702
041 0# - LANGUAGE CODE
Language code of text/sound track or separate title eng
110 2# - MAIN ENTRY--CORPORATE NAME
Corporate name or jurisdiction name as entry element Auctioneers' Institute of the United Kingdom
9 (RLIN) 3785
245 01 - TITLE STATEMENT
Title [Poster advertising a production of 'Damsel in Distress' by the Auctioneers' Institute Dramatic Society at the Fortune Theatre, Drury Lane on 15-17 February 1934]
260 ## - PUBLICATION, DISTRIBUTION, ETC.
Date of publication, distribution, etc. 1934
300 ## - PHYSICAL DESCRIPTION
Extent 1 sheet
Dimensions 88 x 57 cm., folded to 31 x 23 cm.
340 ## - PHYSICAL MEDIUM
Material base and configuration Printed
351 ## - ORGANIZATION AND ARRANGEMENT OF MATERIALS
Hierarchical level Single item
651 4# - SUBJECT ADDED ENTRY--GEOGRAPHIC NAME
Geographic name London
690 ## - LOCAL SUBJECT ADDED ENTRY--TOPICAL TERM (OCLC, RLIN)
Topical term or geographic name as entry element ABOUT RICS-RELATED ORGANISATIONS
942 ## - ADDED ENTRY ELEMENTS (KOHA)
Suppress in OPAC 0
Holdings
Withdrawn status Lost status Source of classification or shelving scheme Damaged status Not for loan Home library Current library Shelving location Date acquired Total Checkouts Full call number Barcode Date last seen Copy number Price effective from Koha item type
    Dewey Decimal Classification     Historic collection Historic collection Historic collection 13/12/2007   MAP CABINET DRAWER 2 141702-2001 06/08/2019 1 06/08/2019 Archive
    Dewey Decimal Classification     Historic collection Historic collection Historic collection 13/12/2007   MAP CABINET DRAWER 2 141702-3001 06/08/2019 1 06/08/2019 Archive